000 00665nam a2200205Ia 4500
001 12491
003 GE_BSU
008 181216s||||||||xx |||||||||||||| ||und||
040 _cGE_BSU
080 _a631.3(075.32)
100 _aКирсанов,В.В. Иванов,В.В.
245 _aЭлектрификация сельско-хозяйственного производства
245 _cРед.Л.М.Рунова
260 _aМосква
260 _bКолос
260 _c1980
300 _a255стр.илл.20см.
653 _aЭлектрификация сельско-хозяйственного производства
942 _cBK
999 _c45665
_d45665